[Event "Titled Tuesday intern op 28th Mar Late"]
[Site "Chess.com INT"]
[Date "2023.03.28"]
[Round "1"]
[White "Martin Fuentes, Alberto"]
[Black "Tsukerman, Julia"]
[Result "1-0"]
[WhiteElo "2393"]
[BlackElo "1741"]
[PlyCount "59"]
[EventDate "2023.03.28"]
[EventType "swiss (blitz)"]
[EventRounds "11"]
[EventCountry "USA"]
[SourceTitle "EXT 2024"]
[Source "ChessBase"]
[SourceDate "2023.10.10"]
[SourceVersion "1"]
[SourceVersionDate "2023.10.10"]
[SourceQuality "1"]

1. e4 c5 2. Nc3 Nc6 3. g3 g6 4. Bg2 Bg7 5. d3 e6 6. Be3 d6 7. Qd2 Nge7 8. Bh6 0-0 9. h4 d5 10. h5 dxe4 11. Bxg7 e3 12. Qxe3 Nf5 13. Qd2 Nxg7 14. hxg6 fxg6 15. Qh6 Bd7 16. Qxh7+ Kf7 17. Nf3 Qf6 18. Qh4 Qxh4 19. Rxh4 Nf5 20. Rh7+ Ke8 21. Nb5 Kd8 22. Kd2 a6 23. Nc3 Kc7 24. Ne4 b6 25. Nfg5 Rae8 26. f4 Kc8 27. g4 Nfd4 28. Nd6+ Kc7 29. Nxe8+ Rxe8 30. c3 1-0

[Event "Titled Tuesday intern op 28th Mar Late"]
[Site "Chess.com INT"]
[Date "2023.03.28"]
[Round "7"]
[White "Torres Dominguez, David"]
[Black "Tsukerman, Julia"]
[Result "0-1"]
[WhiteElo "1998"]
[BlackElo "1741"]
[PlyCount "82"]
[EventDate "2023.03.28"]
[EventType "swiss (blitz)"]
[EventRounds "11"]
[EventCountry "USA"]
[SourceTitle "EXT 2024"]
[Source "ChessBase"]
[SourceDate "2023.10.10"]
[SourceVersion "1"]
[SourceVersionDate "2023.10.10"]
[SourceQuality "1"]

1. e4 c5 2. Nc3 Nc6 3. Bb5 Nd4 4. Bc4 e6 5. Nge2 Ne7 6. 0-0 g6 7. Nxd4 cxd4 8. Nb5 d5 9. e5 Nc6 10. Bb3 a6 11. Nd6+ Bxd6 12. exd6 Qxd6 13. d3 0-0 14. Re1 Bd7 15. Qf3 Kg7 16. h4 h5 17. c4 dxc4 18. dxc4 Na5 19. Bc2 Nxc4 20. Bf4 e5 21. Bg3 Bc6 22. Qe2 Qc5 23. Bd3 Qd5 24. Qf1 Nxb2 25. Bxe5+ f6 26. Be4 Qb5 27. Bxc6 Qxc6 28. Bxd4 Na4 29. Rac1 Qd7 30. Ba1 Nb6 31. Red1 Qf7 32. Rb1 Nd5 33. Qc4 Rfd8 34. Qb3 Rab8 35. Qb2 Ne7 36. Rxd8 Rxd8 37. Rc1 Rd7 38. Kh2 Nf5 39. g3 Re7 40. Rc8 Rd7 41. Rb8 Nd6 0-1

[Event "Titled Tuesday intern op 29th Nov Early"]
[Site "Chess.com INT"]
[Date "2022.11.29"]
[Round "1"]
[White "Tsukerman, Julia"]
[Black "Cappelletto, Joshuaede"]
[Result "0-1"]
[WhiteElo "1793"]
[BlackElo "2265"]
[PlyCount "58"]
[EventDate "2022.11.29"]
[EventType "swiss (blitz)"]
[EventRounds "11"]
[EventCountry "USA"]
[SourceTitle "EXT 2024"]
[Source "ChessBase"]
[SourceDate "2023.10.10"]
[SourceVersion "1"]
[SourceVersionDate "2023.10.10"]
[SourceQuality "1"]

1. e4 c5 2. Nf3 d6 3. d4 cxd4 4. Nxd4 Nf6 5. Nc3 g6 6. f4 Bg7 7. e5 dxe5 8. fxe5 Ng4 9. Bb5+ Bd7 10. Qxg4 Nc6 11. Bxc6 bxc6 12. e6 Bc8 13. Be3 0-0 14. 0-0-0 f5 15. Qf4 Qe8 16. Qf3 Bb7 17. Qf4 a6 18. Nce2 c5 19. Nb3 c4 20. Qxc4 Rc8 21. Qf4 Bxg2 22. Rhg1 Be4 23. c3 Qa4 24. Ng3 Qxa2 25. Nxe4 fxe4 26. Qxe4 Qxb3 27. Qc2 Qxe6 28. Bd4 Bxd4 29. Rxd4 Qe3+ 0-1

[Event "Titled Tuesday intern op 27th Sep Early"]
[Site "Chess.com INT"]
[Date "2022.09.27"]
[Round "11"]
[White "Begunov, Konstantin"]
[Black "Tsukerman, Julia"]
[Result "1-0"]
[WhiteElo "2325"]
[BlackElo "1698"]
[PlyCount "93"]
[EventDate "2022.09.27"]
[EventType "swiss (blitz)"]
[EventRounds "11"]
[EventCountry "USA"]
[SourceTitle "CBM 210 Extra"]
[Source "ChessBase"]
[SourceDate "2022.11.30"]
[SourceVersion "1"]
[SourceVersionDate "2022.11.30"]
[SourceQuality "1"]

1. d4 d5 2. c4 e6 3. Nc3 Be7 4. Nf3 Nf6 5. Bg5 Nbd7 6. e3 h6 7. Bh4 0-0 8. cxd5 exd5 9. Bd3 c6 10. Qc2 Re8 11. 0-0 Ne4 12. Bxe4 Bxh4 13. Bh7+ Kh8 14. Bf5 Be7 15. Rab1 a5 16. a3 Nf6 17. Ne5 Rf8 18. b4 axb4 19. axb4 Nd7 20. Bxd7 Bxd7 21. b5 Bd6 22. bxc6 bxc6 23. Nxd7 Qxd7 24. Na4 Qc7 25. g3 Rfb8 26. Rxb8+ Rxb8 27. Rc1 Rc8 28. Nc5 Bxc5 29. Qxc5 Qd7 30. Rb1 g6 31. Rb6 Kg7 32. Qb4 Ra8 33. Kg2 Rc8 34. Rb7 Rc7 35. Rb8 Rc8 36. Rb7 Rc7 37. Rb6 Rc8 38. Qa4 Rc7 39. Qd1 Rc8 40. Qf3 h5 41. Ra6 Rc7 42. Qf4 Qe7 43. Ra8 Rd7 44. Qb8 Kf6 45. Qh8+ Kg5 46. Re8 Qf6 47. Re5+ 1-0

[Event "Titled Tuesday intern op 27th Sep Early"]
[Site "Chess.com INT"]
[Date "2022.09.27"]
[Round "8"]
[White "Kalajzic, Ivan"]
[Black "Tsukerman, Julia"]
[Result "1-0"]
[WhiteElo "2087"]
[BlackElo "1698"]
[PlyCount "97"]
[EventDate "2022.09.27"]
[EventType "swiss (blitz)"]
[EventRounds "11"]
[EventCountry "USA"]
[SourceTitle "CBM 210 Extra"]
[Source "ChessBase"]
[SourceDate "2022.11.30"]
[SourceVersion "1"]
[SourceVersionDate "2022.11.30"]
[SourceQuality "1"]

1. d4 d5 2. Nc3 e6 3. Nf3 Be7 4. e4 dxe4 5. Nxe4 Nf6 6. Nxf6+ Bxf6 7. c3 Nd7 8. Bd3 0-0 9. Qe2 c5 10. dxc5 Nxc5 11. Bc2 Qc7 12. Be3 b6 13. Bxc5 Qxc5 14. Qe4 Qf5 15. Qxa8 Qxc2 16. 0-0 Ba6 17. Qxa7 Bxf1 18. Rxf1 Qxb2 19. c4 Qb4 20. Qa6 h6 21. a3 Qc5 22. Rb1 Rc8 23. Rxb6 Qxc4 24. Qxc4 Rxc4 25. g3 Ra4 26. Rb3 Be7 27. Ne5 Rxa3 28. Rb8+ Kh7 29. Nxf7 Ra1+ 30. Kg2 Ra7 31. Ne5 Bf6 32. Nd3 Re7 33. f4 e5 34. f5 e4 35. Nf4 Re5 36. g4 Ra5 37. Ng6 Ra2+ 38. Kf1 Ra1+ 39. Ke2 Ra2+ 40. Kd1 Ra1+ 41. Kc2 Ra2+ 42. Kd1 Ra1+ 43. Kd2 Ra2+ 44. Ke3 Ra3+ 45. Kxe4 Ra4+ 46. Kd5 Ra5+ 47. Kc6 Ra6+ 48. Kb5 Rd6 49. Rh8# 1-0

[Event "Titled Tuesday intern op 27th Sep Early"]
[Site "Chess.com INT"]
[Date "2022.09.27"]
[Round "6"]
[White "Svicevic, Rastko"]
[Black "Tsukerman, Julia"]
[Result "0-1"]
[WhiteElo "2175"]
[BlackElo "1698"]
[PlyCount "94"]
[EventDate "2022.09.27"]
[EventType "swiss (blitz)"]
[EventRounds "11"]
[EventCountry "USA"]
[SourceTitle "CBM 210 Extra"]
[Source "ChessBase"]
[SourceDate "2022.11.30"]
[SourceVersion "1"]
[SourceVersionDate "2022.11.30"]
[SourceQuality "1"]

1. d4 d5 2. Bg5 h6 3. Bh4 Nd7 4. e3 Ngf6 5. Bd3 e6 6. Nf3 Be7 7. 0-0 0-0 8. Nbd2 c5 9. c3 b6 10. Re1 c4 11. Bf1 Bb7 12. b3 b5 13. a4 a6 14. b4 bxa4 15. Rxa4 Bc6 16. Ra5 Bb5 17. Ne5 Nxe5 18. dxe5 Nd7 19. Bxe7 Qxe7 20. Nf3 Nb8 21. Nd4 Nc6 22. Nxc6 Bxc6 23. Qa1 Bb5 24. Be2 Qc7 25. f4 f6 26. exf6 Rxf6 27. Qd1 Raf8 28. Qd4 R6f7 29. Bd1 Re7 30. Ba4 Qc6 31. Ra1 Qe8 32. Bxb5 axb5 33. h3 Rb7 34. Qc5 Qd7 35. Ra6 Re8 36. Rd6 Qe7 37. Raa6 e5 38. Re6 Qd7 39. Rad6 Qf7 40. Qxd5 Rxe6 41. Rxe6 exf4 42. e4 Rd7 43. Re8+ Kh7 44. Qxf7 Rxf7 45. Re5 Rb7 46. Kf2 g5 47. Kf3 Kg7 0-1